00544nam a2200181 a 45000010010000000030011000100080041000210350026000620820018000881000021001062450018001272600039001456500024001849420012002089520090002209980037003109990015003470000-9093ELIB.Books110520 1990  a(ELIB.Books)0000-9242 a268.434 bDeb aDeberg, Betty A. aUngodly Women bMinneapolis: Fortress Press c1990 aChristian Education 2ddccBK 00102ddc4070aKBTSbKBTSd2011-05-20l0p3752r2022-01-22 00:00:00w2022-01-22yBK cbate2011-05-20mcatu2019-08-28 c9093d9093